[Event "European Online Club-ch-C 2021"]
[Site "Online"]
[Date "2021.03.27"]
[Round "6.6"]
[White "Le Goff, Ronan"]
[Black "Micottis, Dorian"]
[Result "1-0"]
[WhiteElo "2288"]
[BlackElo "2223"]
[Annotator "NA"]
[PlyCount "87"]
[EventDate "2021.03.27"]
[EventType "team-tourn"]
[EventCountry "NET"]
[SourceTitle "playchess.com"]
[Source "ChessBase"]
[SourceQuality "1"]
[TimeControl "900+5"]

1. d4 {[%emt 0:00:00]} Nf6 {[%emt 0:00:02]} 2. Nf3 {[%emt 0:00:02]} g6 {[%emt 0:00:04]} 3. g3 {[%emt 0:00:02]} Bg7 {[%emt 0:00:04]} 4. Bg2 {[%emt 0:00:01]} O-O {[%emt 0:00:01]} 5. O-O {[%emt 0:00:01]} d5 {[%emt 0:00:01]} 6. c3 {[%emt 0:00:13]} b6 {[%emt 0:00:16]} 7. a4 {[%emt 0:00:27]} a5 {[%emt 0:00:39]} 8. Bf4 {[%emt 0:00:17]} Bb7 {[%emt 0:00:13]} 9. Na3 {[%emt 0:00:13]} Nbd7 {[%emt 0:01:00]} 10. Ne5 {[%emt 0:00:13]} Nh5 {[%emt 0:00:46]} 11. Nd3 {[%emt 0:01:12]} Nxf4 {[%emt 0:00:46]} 12. Nxf4 {[%emt 0:00:00]} c6 {[%emt 0:00:57]} 13. e4 {[%emt 0:00:33]} dxe4 {[%emt 0:00:46]} 14. Bxe4 {[%emt 0:00:06]} e5 {[%emt 0:00:18]} 15. dxe5 {[%emt 0:02:04]} Nxe5 {[%emt 0:00:06]} 16. Nd3 {[%emt 0:03:22]} Ba6 {[%emt 0:02:31]} 17. Nxe5 {[%emt 0:00:05]} Bxf1 {[%emt 0:01:12]} 18. Nd7 {[%emt 0:03:19]} Re8 {[%emt 0:01:29]} 19. Bxc6 {[%emt 0:00:05]} Bh3 {[%emt 0:02:29]} 20. Qd5 {[%emt 0:02:23]} Rc8 {[%emt 0:00:32]} 21. Rd1 {[%emt 0:00:06]} Bg4 {[%emt 0:00:53]} 22. f3 {[%emt 0:00:18]} Be6 {[%emt 0:00:02]} 23. Qb5 {[%emt 0:00:05]} Bxd7 {[%emt 0:01:36]} 24. Rxd7 {[%emt 0:00:49]} Qf6 {[%emt 0:00:03]} 25. Be4 {[%emt 0:00:20]} Rcd8 {[%emt 0:00:07]} 26. Rd3 {[%emt 0:00:36]} Rxd3 {[%emt 0:00:02]} 27. Qxe8+ {[%emt 0:00:03]} Bf8 {[%emt 0:00:10]} 28. Bxd3 {[%emt 0:00:02]} Qd6 {[%emt 0:00:03]} 29. Qe4 {[%emt 0:00:11]} h5 {[%emt 0:00:02]} 30. Nc4 {[%emt 0:00:06]} Qc5+ {[%emt 0:00:02]} 31. Kg2 {[%emt 0:00:05]} b5 {[%emt 0:00:11]} 32. axb5 {[%emt 0:00:05]} Qxb5 {[%emt 0:00:00]} 33. Qe2 {[%emt 0:00:10]} Qg5 {[%emt 0:00:08]} 34. Ne3 {[%emt 0:00:06]} h4 {[%emt 0:00:04]} 35. f4 {[%emt 0:00:02]} Qf6 {[%emt 0:00:05]} 36. Qf3 {[%emt 0:00:04]} Qb6 {[%emt 0:00:07]} 37. Nc4 {[%emt 0:00:04]} Qb3 {[%emt 0:00:06]} 38. Qe2 {[%emt 0:00:07]} a4 {[%emt 0:00:04]} 39. f5 {[%emt 0:00:05]} Kg7 {[%emt 0:00:13]} 40. fxg6 {[%emt 0:00:04]} fxg6 {[%emt 0:00:02]} 41. Qe5+ {[%emt 0:00:04]} Kf7 {[%emt 0:00:01]} 42. Qf4+ {[%emt 0:00:06]} Kg7 {[%emt 0:00:04]} 43. Qe4 {[%emt 0:00:07]} h3+ {[%emt 0:00:08]} 44. Kxh3 {[%emt 0:00:04]} 1-0

[Event "European Online Club-ch-C 2021"]
[Site "Online"]
[Date "2021.03.27"]
[Round "6.7"]
[White "Bruch, Jochen"]
[Black "Bouget, Alexandre"]
[Result "0-1"]
[WhiteElo "2187"]
[BlackElo "2247"]
[Annotator "NA"]
[PlyCount "52"]
[EventDate "2021.03.27"]
[EventType "team-tourn"]
[EventCountry "NET"]
[SourceTitle "playchess.com"]
[Source "ChessBase"]
[SourceQuality "1"]
[TimeControl "900+5"]

1. Nf3 {[%emt 0:00:00]} d5 {[%emt 0:00:03]} 2. g3 {[%emt 0:00:03]} Nc6 {[%emt 0:00:04]} 3. Bg2 {[%emt 0:00:13]} e5 {[%emt 0:00:04]} 4. d3 {[%emt 0:00:12]} f6 {[%emt 0:00:32]} 5. Nbd2 {[%emt 0:00:53]} Be6 {[%emt 0:00:03]} 6. c4 {[%emt 0:00:51]} d4 {[%emt 0:00:04]} 7. Qb3 {[%emt 0:01:20]} Rb8 {[%emt 0:00:17]} 8. O-O {[%emt 0:00:07]} Qd7 {[%emt 0:00:03]} 9. Re1 {[%emt 0:00:06]} Bh3 {[%emt 0:00:03]} 10. Bh1 {[%emt 0:00:04]} h5 {[%emt 0:00:13]} 11. e3 {[%emt 0:00:05]} dxe3 {[%emt 0:00:11]} 12. fxe3 {[%emt 0:01:09]} h4 {[%emt 0:00:09]} 13. d4 {[%emt 0:00:24]} hxg3 {[%emt 0:00:03]} 14. hxg3 {[%emt 0:00:03]} Nge7 {[%emt 0:02:02]} 15. d5 {[%emt 0:02:36]} Qg4 {[%emt 0:00:07]} 16. Kf2 {[%emt 0:00:09]} Nf5 {[%emt 0:02:38]} 17. dxc6 {[%emt 0:02:15]} Nxg3 {[%emt 0:00:02]} 18. cxb7 {[%emt 0:02:22]} Nxh1+ {[%emt 0:00:04]} 19. Ke2 {[%emt 0:00:07]} Bg2 {[%emt 0:03:27]} 20. Qb5+ {[%emt 0:02:04]} Kd8 {[%emt 0:00:04]} 21. Qd5+ {[%emt 0:00:06]} Bd6 {[%emt 0:00:04]} 22. c5 {[%emt 0:00:18]} e4 {[%emt 0:00:15]} 23. cxd6 {[%emt 0:00:19]} Bxf3+ {[%emt 0:00:26]} 24. Nxf3 {[%emt 0:00:14]} Rh2+ {[%emt 0:00:06]} 25. Kd1 {[%emt 0:00:13]} Qxf3+ {[%emt 0:00:03]} 26. Re2 {[%emt 0:00:03]} Qxe2# {[%emt 0:00:01]} 0-1

[Event "European Online Club-ch-C 2021"]
[Site "Online"]
[Date "2021.03.27"]
[Round "6.8"]
[White "Lahoche, Dorian"]
[Black "Kirsch, Laurent"]
[Result "1/2-1/2"]
[WhiteElo "2124"]
[BlackElo "2120"]
[Annotator "NA"]
[PlyCount "77"]
[EventDate "2021.03.27"]
[EventType "team-tourn"]
[EventCountry "NET"]
[SourceTitle "playchess.com"]
[Source "ChessBase"]
[SourceQuality "1"]
[TimeControl "900+5"]

1. e4 {[%emt 0:00:00]} c5 {[%emt 0:00:04]} 2. Nc3 {[%emt 0:00:03]} Nc6 {[%emt 0:00:02]} 3. Bb5 {[%emt 0:00:03]} Nd4 {[%emt 0:00:03]} 4. Nf3 {[%emt 0:00:01]} a6 {[%emt 0:00:04]} 5. Bd3 {[%emt 0:00:04]} e6 {[%emt 0:00:23]} 6. O-O {[%emt 0:01:05]} Nc6 {[%emt 0:00:06]} 7. Re1 {[%emt 0:00:11]} b5 {[%emt 0:00:11]} 8. Bf1 {[%emt 0:00:54]} Bb7 {[%emt 0:00:12]} 9. d4 {[%emt 0:00:19]} cxd4 {[%emt 0:00:11]} 10. Nxd4 {[%emt 0:00:00]} d6 {[%emt 0:00:08]} 11. Nxc6 {[%emt 0:00:30]} Bxc6 {[%emt 0:00:03]} 12. a4 {[%emt 0:00:29]} bxa4 {[%emt 0:00:58]} 13. Nxa4 {[%emt 0:00:44]} Nf6 {[%emt 0:00:06]} 14. Nc3 {[%emt 0:00:44]} Qb6 {[%emt 0:00:50]} 15. Nd5 {[%emt 0:00:56]} Qb7 {[%emt 0:00:08]} 16. Rxa6 {[%emt 0:01:31]} Nxd5 {[%emt 0:01:03]} 17. Rxa8+ {[%emt 0:00:03]} Qxa8 {[%emt 0:00:02]} 18. exd5 {[%emt 0:00:01]} Bxd5 {[%emt 0:00:01]} 19. c4 {[%emt 0:01:00]} Bc6 {[%emt 0:00:10]} 20. b4 {[%emt 0:00:55]} Be7 {[%emt 0:00:07]} 21. Bb2 {[%emt 0:00:09]} O-O {[%emt 0:00:06]} 22. Qg4 {[%emt 0:00:22]} e5 {[%emt 0:00:44]} 23. b5 {[%emt 0:00:59]} f5 {[%emt 0:00:34]} 24. Qg3 {[%emt 0:00:30]} Bb7 {[%emt 0:00:46]} 25. c5 {[%emt 0:00:52]} dxc5 {[%emt 0:00:35]} 26. Bc4+ {[%emt 0:00:06]} Kh8 {[%emt 0:00:02]} 27. Bxe5 {[%emt 0:01:33]} Bf6 {[%emt 0:00:08]} 28. f4 {[%emt 0:00:42]} Be4 {[%emt 0:00:27]} 29. Bd3 {[%emt 0:00:35]} Qb7 {[%emt 0:01:35]} 30. Bxe4 {[%emt 0:00:40]} fxe4 {[%emt 0:00:04]} 31. Qb3 {[%emt 0:00:14]} Bxe5 {[%emt 0:01:30]} 32. fxe5 {[%emt 0:00:00]} Re8 {[%emt 0:00:09]} 33. Rf1 {[%emt 0:00:36]} Qe7 {[%emt 0:00:45]} 34. Qd5 {[%emt 0:00:29]} e3 {[%emt 0:00:28]} 35. Qe4 {[%emt 0:00:13]} Kg8 {[%emt 0:00:24]} 36. Qxe3 {[%emt 0:00:15]} Qxe5 {[%emt 0:00:04]} 37. Qxe5 {[%emt 0:00:06]} Rxe5 {[%emt 0:00:06]} 38. Rb1 {[%emt 0:00:05]} Re7 {[%emt 0:00:02]} 39. b6 {[%emt 0:00:05]} 1/2-1/2

[Event "European Online Club-ch-C 2021"]
[Site "Online"]
[Date "2021.03.27"]
[Round "6.9"]
[White "Vitiugov, Nikita"]
[Black "Markoja, Boris"]
[Result "1/2-1/2"]
[WhiteElo "2715"]
[BlackElo "2439"]
[Annotator "TA"]
[PlyCount "62"]
[EventDate "2021.03.27"]
[EventType "team-tourn"]
[EventCountry "NET"]
[SourceTitle "playchess.com"]
[Source "ChessBase"]
[SourceQuality "1"]

{[%evp 9,62,11,4,6,11,3,8,11,22,18,49,19,66,41,74,70,100,60,64,0,0,0,0,0,0,0,0,0,0,-33,-21,-29,-28,-36,-49,-52,-20,-24,-20,-26,0,-15,-9,-15,-8,-41,-5,-19,-8,-61,-19,-19,-19,-19,-23]} 1. d4 Nf6 2. Nc3 d5 3. Bf4 e6 4. Nb5 Bd6 5. Nxd6+ cxd6 6. e3 {D00: 1 d4 d5: Unusual lines.} O-O 7. Bd3 Nc6 8. c3 {[#]} e5 $146 ({Predecessor:} 8... a6 9. Ne2 Re8 10. Bc2 e5 11. Bg5 e4 12. Nf4 Be6 13. Bb3 Ne7 14. Bxf6 gxf6 {1-0 (38) Shuvalova,P (2476)-Skuhala,B (2077) Europe Echecs INT 2021}) 9. Bg5 Qe7 10. Ne2 Bg4 11. f3 Bh5 12. O-O Bg6 13. Bxg6 (13. e4 {keeps more tension.} h6 14. Bxf6 Qxf6 15. exd5 Ne7 16. Re1) 13... hxg6 14. dxe5 (14. Qb3 $14) 14... dxe5 $11 15. Bxf6 gxf6 16. Qxd5 Rfd8 17. Qb5 a6 18. Qb6 Rd6 {[#] Threatens to win with ...Nd4.} 19. Qc5 Rd2 20. Qxe7 Nxe7 21. Ng3 Rxb2 22. Rfb1 Rxb1+ (22... Rc2 {is interesting.} 23. e4 b5 24. Rc1 Rxc1+ 25. Rxc1 Rc8) 23. Rxb1 $15 {[%mdl 4096] Endgame KRN-KRN} b5 24. e4 Rd8 25. Nf1 f5 26. exf5 Nxf5 27. Kf2 f6 28. Ke2 Kf7 29. Rb4 (29. a4 $11) 29... Ke6 30. a4 Nd6 31. axb5 axb5 {Weighted Error Value: White=0.15/Black=0.14} 1/2-1/2

[Event "European Online Club-ch-C 2021"]
[Site "Online"]
[Date "2021.03.27"]
[Round "6.10"]
[White "Subelj, Jan"]
[Black "Esipenko, Andrey"]
[Result "1/2-1/2"]
[WhiteElo "2418"]
[BlackElo "2677"]
[Annotator "ChessBase"]
[PlyCount "71"]
[EventDate "2021.03.27"]
[EventType "team-tourn"]
[EventCountry "NET"]
[SourceTitle "playchess.com"]
[Source "ChessBase"]
[SourceQuality "1"]
[TimeControl "900+5"]

1. e4 {[%emt 0:00:00]} e5 {[%emt 0:00:18]} 2. Nf3 {[%emt 0:00:18]} Nc6 {[%emt 0:00:05]} 3. Bb5 {[%emt 0:00:06]} a6 {[%emt 0:00:03]} 4. Ba4 {[%emt 0:00:03]} Nf6 {[%emt 0:00:05]} 5. O-O {[%emt 0:00:04]} d6 {[%emt 0:00:07]} 6. d4 {[%emt 0:02:08]} b5 {[%emt 0:00:08]} 7. Bb3 {[%emt 0:01:35]} Nxd4 {[%emt 0:00:10]} 8. Nxd4 {[%emt 0:00:06]} exd4 {[%emt 0:00:00]} 9. Bd5 {[%emt 0:00:59]} Nxd5 {[%emt 0:00:36]} 10. exd5 {[%emt 0:00:03]} Be7 {[%emt 0:00:00]} 11. Qxd4 {[%emt 0:00:11]} O-O {[%emt 0:00:01]} 12. Nc3 {[%emt 0:00:09]} Bf5 {[%emt 0:01:03]} 13. Ne4 {[%emt 0:00:59]} Re8 {[%emt 0:00:17]} 14. Bd2 {[%emt 0:00:41]} Bxe4 {[%emt 0:01:07]} 15. Qxe4 {[%emt 0:00:04]} Bf6 {[%emt 0:00:02]} 16. Qb4 {[%emt 0:00:03]} Re5 {[%emt 0:03:09]} 17. Qb3 {[%emt 0:00:30]} Re4 {[%emt 0:01:22]} 18. Rae1 {[%emt 0:00:48]} Rc4 {[%emt 0:00:07]} 19. Re2 {[%emt 0:00:59]} Qd7 {[%emt 0:00:07]} 20. Rfe1 {[%emt 0:00:03]} h6 {[%emt 0:00:01]} 21. Re4 {[%emt 0:00:14]} Rxe4 {[%emt 0:00:11]} 22. Rxe4 {[%emt 0:00:03]} Re8 {[%emt 0:00:15]} 23. Rxe8+ {[%emt 0:00:04]} Qxe8 {[%emt 0:00:02]} 24. Qe3 {[%emt 0:03:35]} Qa8 {[%emt 0:00:09]} 25. Qb3 {[%emt 0:00:14]} Bd4 {[%emt 0:02:03]} 26. g3 {[%emt 0:01:00]} Qe8 {[%emt 0:00:25]} 27. Be3 {[%emt 0:00:03]} Bxe3 {[%emt 0:00:49]} 28. Qxe3 {[%emt 0:00:04]} Qxe3 {[%emt 0:00:17]} 29. fxe3 {[%emt 0:00:01]} f5 {[%emt 0:00:00]} 30. e4 {[%emt 0:00:22]} fxe4 {[%emt 0:00:06]} 31. Kf2 {[%emt 0:00:01]} Kf7 {[%emt 0:00:01]} 32. Ke3 {[%emt 0:00:02]} Kf6 {[%emt 0:00:00]} 33. Kxe4 {[%emt 0:00:02]} Kg5 {[%emt 0:00:01]} 34. h3 {[%emt 0:00:06]} h5 {[%emt 0:00:02]} 35. b4 {[%emt 0:00:28]} Kf6 {[%emt 0:00:21]} 36. Kf4 {[%emt 0:00:09]} 1/2-1/2

[Event "European Online Club-ch-C 2021"]
[Site "Online"]
[Date "2021.03.27"]
[Round "6.11"]
[White "Shimanov, Aleksandr"]
[Black "Skuhala, Jernej"]
[Result "1-0"]
[WhiteElo "2597"]
[BlackElo "2351"]
[Annotator "ChessBase"]
[PlyCount "103"]
[EventDate "2021.03.27"]
[EventType "team-tourn"]
[EventCountry "NET"]
[SourceTitle "playchess.com"]
[Source "ChessBase"]
[SourceQuality "1"]
[TimeControl "900+5"]

1. b3 {[%emt 0:00:00]} e5 {[%emt 0:00:04]} 2. Bb2 {[%emt 0:00:04]} Nc6 {[%emt 0:00:02]} 3. e3 {[%emt 0:00:02]} Nf6 {[%emt 0:00:02]} 4. Bb5 {[%emt 0:00:28]} Bd6 {[%emt 0:00:05]} 5. Ne2 {[%emt 0:00:22]} a6 {[%emt 0:00:09]} 6. Bxc6 {[%emt 0:00:03]} dxc6 {[%emt 0:00:02]} 7. d3 {[%emt 0:00:10]} O-O {[%emt 0:00:12]} 8. Nd2 {[%emt 0:00:15]} Re8 {[%emt 0:00:12]} 9. e4 {[%emt 0:00:14]} Qe7 {[%emt 0:01:32]} 10. a4 {[%emt 0:00:48]} Bc5 {[%emt 0:00:50]} 11. h3 {[%emt 0:00:35]} Nh5 {[%emt 0:00:54]} 12. Nf3 {[%emt 0:00:30]} Bb4+ {[%emt 0:01:52]} 13. Kf1 {[%emt 0:00:03]} Bd6 {[%emt 0:00:52]} 14. g4 {[%emt 0:00:16]} Qf6 {[%emt 0:00:18]} 15. Kg2 {[%emt 0:00:21]} Nf4+ {[%emt 0:00:26]} 16. Nxf4 {[%emt 0:00:02]} Qxf4 {[%emt 0:00:02]} 17. Qd2 {[%emt 0:00:28]} Qxd2 {[%emt 0:00:20]} 18. Nxd2 {[%emt 0:00:00]} Be6 {[%emt 0:00:01]} 19. Nf1 {[%emt 0:03:17]} f6 {[%emt 0:00:31]} 20. Ne3 {[%emt 0:00:03]} Bc5 {[%emt 0:00:04]} 21. Kf3 {[%emt 0:00:54]} Kf7 {[%emt 0:00:28]} 22. Rag1 {[%emt 0:00:58]} h6 {[%emt 0:01:07]} 23. Nf5 {[%emt 0:00:20]} a5 {[%emt 0:02:23]} 24. Ke2 {[%emt 0:00:19]} b5 {[%emt 0:00:05]} 25. Ra1 {[%emt 0:00:05]} Reb8 {[%emt 0:00:20]} 26. Bc3 {[%emt 0:00:08]} b4 {[%emt 0:00:19]} 27. Bd2 {[%emt 0:00:15]} Rh8 {[%emt 0:00:18]} 28. f4 {[%emt 0:00:12]} g6 {[%emt 0:01:18]} 29. Ng3 {[%emt 0:00:07]} exf4 {[%emt 0:00:32]} 30. Bxf4 {[%emt 0:00:03]} Bd6 {[%emt 0:00:02]} 31. Raf1 {[%emt 0:00:22]} Ke7 {[%emt 0:00:18]} 32. Rf3 {[%emt 0:00:22]} Raf8 {[%emt 0:00:09]} 33. Kf2 {[%emt 0:00:43]} Bc5+ {[%emt 0:00:50]} 34. Kg2 {[%emt 0:00:06]} g5 {[%emt 0:00:18]} 35. Bc1 {[%emt 0:01:51]} Bd4 {[%emt 0:00:05]} 36. Rhf1 {[%emt 0:00:04]} Be5 {[%emt 0:00:19]} 37. Be3 {[%emt 0:00:15]} Rf7 {[%emt 0:00:10]} 38. Nh5 {[%emt 0:00:07]} Rhf8 {[%emt 0:00:09]} 39. d4 {[%emt 0:00:54]} Bd6 {[%emt 0:00:03]} 40. Bc1 {[%emt 0:00:02]} Bd7 {[%emt 0:00:26]} 41. Bb2 {[%emt 0:00:04]} Ke6 {[%emt 0:00:03]} 42. Nxf6 {[%emt 0:00:13]} Rxf6 {[%emt 0:00:13]} 43. d5+ {[%emt 0:00:05]} cxd5 {[%emt 0:00:01]} 44. Rxf6+ {[%emt 0:00:02]} Rxf6 {[%emt 0:00:01]} 45. Rxf6+ {[%emt 0:00:00]} Ke7 {[%emt 0:00:01]} 46. exd5 {[%emt 0:00:06]} Bc8 {[%emt 0:00:01]} 47. Kf3 {[%emt 0:00:08]} Bb7 {[%emt 0:00:01]} 48. Ke4 {[%emt 0:00:02]} c6 {[%emt 0:00:02]} 49. Rxh6 {[%emt 0:00:06]} cxd5+ {[%emt 0:00:01]} 50. Kf5 {[%emt 0:00:04]} Bc8+ {[%emt 0:00:12]} 51. Kxg5 {[%emt 0:00:02]} Bc5 {[%emt 0:00:01]} 52. Kf4 {[%emt 0:00:10]} 1-0

[Event "European Online Club-ch-C 2021"]
[Site "Online"]
[Date "2021.03.27"]
[Round "6.12"]
[White "Marn, Jan"]
[Black "Ponkratov, Pavel"]
[Result "1-0"]
[WhiteElo "2346"]
[BlackElo "2619"]
[Annotator "ChessBase"]
[PlyCount "79"]
[EventDate "2021.03.27"]
[EventType "team-tourn"]
[EventCountry "NET"]
[SourceTitle "playchess.com"]
[Source "ChessBase"]
[SourceQuality "1"]
[TimeControl "900+5"]

1. d4 {[%emt 0:00:00]} Nf6 {[%emt 0:00:02]} 2. c4 {[%emt 0:00:04]} e6 {[%emt 0:00:02]} 3. g3 {[%emt 0:00:02]} c5 {[%emt 0:00:03]} 4. Nf3 {[%emt 0:00:02]} cxd4 {[%emt 0:00:03]} 5. Nxd4 {[%emt 0:00:02]} Nc6 {[%emt 0:00:06]} 6. Bg2 {[%emt 0:00:03]} Ne5 {[%emt 0:00:01]} 7. b3 {[%emt 0:00:25]} Bb4+ {[%emt 0:00:13]} 8. Bd2 {[%emt 0:00:03]} Bc5 {[%emt 0:00:01]} 9. Bc3 {[%emt 0:00:25]} d5 {[%emt 0:00:02]} 10. O-O {[%emt 0:00:50]} dxc4 {[%emt 0:00:32]} 11. bxc4 {[%emt 0:00:05]} O-O {[%emt 0:00:02]} 12. Nb3 {[%emt 0:00:40]} Qc7 {[%emt 0:01:22]} 13. Nxc5 {[%emt 0:02:55]} Qxc5 {[%emt 0:00:03]} 14. Qb3 {[%emt 0:00:12]} Rd8 {[%emt 0:00:34]} 15. Na3 {[%emt 0:00:51]} Rb8 {[%emt 0:02:45]} 16. Rfd1 {[%emt 0:02:32]} Rxd1+ {[%emt 0:02:00]} 17. Rxd1 {[%emt 0:00:00]} Bd7 {[%emt 0:00:01]} 18. Bb4 {[%emt 0:00:14]} Qc8 {[%emt 0:00:31]} 19. Bd6 {[%emt 0:00:05]} Nc6 {[%emt 0:00:02]} 20. Bxb8 {[%emt 0:00:14]} Qxb8 {[%emt 0:00:02]} 21. Nb5 {[%emt 0:01:19]} h5 {[%emt 0:00:15]} 22. Nd6 {[%emt 0:00:33]} b6 {[%emt 0:00:10]} 23. Ne4 {[%emt 0:00:50]} Nxe4 {[%emt 0:00:29]} 24. Bxe4 {[%emt 0:00:00]} Ne5 {[%emt 0:00:02]} 25. f4 {[%emt 0:01:11]} Bc6 {[%emt 0:00:03]} 26. Bxc6 {[%emt 0:00:02]} Nxc6 {[%emt 0:00:02]} 27. Qb5 {[%emt 0:00:10]} Qc7 {[%emt 0:01:02]} 28. Qxh5 {[%emt 0:01:09]} a6 {[%emt 0:00:07]} 29. c5 {[%emt 0:00:17]} g6 {[%emt 0:01:07]} 30. Qg5 {[%emt 0:00:27]} Kg7 {[%emt 0:00:10]} 31. h4 {[%emt 0:00:26]} f6 {[%emt 0:00:49]} 32. Qg4 {[%emt 0:00:03]} bxc5 {[%emt 0:00:17]} 33. h5 {[%emt 0:00:32]} g5 {[%emt 0:00:11]} 34. fxg5 {[%emt 0:00:05]} f5 {[%emt 0:00:01]} 35. Qf4 {[%emt 0:00:08]} Qb7 {[%emt 0:00:04]} 36. Qd6 {[%emt 0:00:34]} Nd4 {[%emt 0:00:07]} 37. Qxc5 {[%emt 0:00:08]} Nxe2+ {[%emt 0:00:20]} 38. Kf2 {[%emt 0:00:02]} f4 {[%emt 0:00:09]} 39. Qe5+ {[%emt 0:00:10]} Kh7 {[%emt 0:00:03]} 40. Qxe2 {[%emt 0:00:03]} 1-0

[Event "European Online Club-ch-C 2021"]
[Site "Online"]
[Date "2021.03.27"]
[Round "6.13"]
[White "Donchenko, Alexander"]
[Black "Babula, Vlastimil"]
[Result "1-0"]
[WhiteElo "2678"]
[BlackElo "2559"]
[Annotator "ChessBase"]
[PlyCount "75"]
[EventDate "2021.03.27"]
[EventType "team-tourn"]
[EventCountry "NET"]
[SourceTitle "playchess.com"]
[Source "ChessBase"]
[SourceQuality "1"]
[TimeControl "900+5"]

1. d4 {[%emt 0:00:00]} Nf6 {[%emt 0:00:05]} 2. c4 {[%emt 0:00:03]} e6 {[%emt 0:00:03]} 3. g3 {[%emt 0:00:08]} Bb4+ {[%emt 0:00:12]} 4. Nd2 {[%emt 0:00:06]} d5 {[%emt 0:00:48]} 5. Bg2 {[%emt 0:00:07]} O-O {[%emt 0:00:11]} 6. Ngf3 {[%emt 0:00:01]} b6 {[%emt 0:00:24]} 7. O-O {[%emt 0:00:03]} Bb7 {[%emt 0:00:09]} 8. Ne5 {[%emt 0:00:01]} Nbd7 {[%emt 0:01:03]} 9. Qa4 {[%emt 0:00:07]} Bd6 {[%emt 0:00:52]} 10. Nxd7 {[%emt 0:00:03]} Qxd7 {[%emt 0:00:10]} 11. Qxd7 {[%emt 0:00:02]} Nxd7 {[%emt 0:00:03]} 12. cxd5 {[%emt 0:00:00]} exd5 {[%emt 0:00:07]} 13. Nc4 {[%emt 0:00:01]} Be7 {[%emt 0:00:32]} 14. Bf4 {[%emt 0:01:24]} c6 {[%emt 0:01:12]} 15. Nd6 {[%emt 0:00:14]} Bxd6 {[%emt 0:00:18]} 16. Bxd6 {[%emt 0:00:00]} Rfe8 {[%emt 0:00:03]} 17. Rfe1 {[%emt 0:00:26]} f5 {[%emt 0:01:01]} 18. a4 {[%emt 0:01:20]} a5 {[%emt 0:00:23]} 19. e3 {[%emt 0:00:36]} Re6 {[%emt 0:00:08]} 20. Bf4 {[%emt 0:00:26]} c5 {[%emt 0:01:54]} 21. Red1 {[%emt 0:01:22]} Nf6 {[%emt 0:01:05]} 22. b3 {[%emt 0:03:01]} Rc8 {[%emt 0:00:16]} 23. Rac1 {[%emt 0:00:26]} Ne4 {[%emt 0:01:55]} 24. Bh3 {[%emt 0:00:20]} Rf6 {[%emt 0:00:31]} 25. f3 {[%emt 0:00:29]} Nd6 {[%emt 0:00:09]} 26. dxc5 {[%emt 0:01:26]} bxc5 {[%emt 0:00:11]} 27. e4 {[%emt 0:00:07]} Nf7 {[%emt 0:01:45]} 28. Bxf5 {[%emt 0:00:38]} Re8 {[%emt 0:00:11]} 29. Rxc5 {[%emt 0:00:08]} dxe4 {[%emt 0:00:45]} 30. fxe4 {[%emt 0:00:05]} g6 {[%emt 0:00:16]} 31. Bh3 {[%emt 0:01:05]} Bxe4 {[%emt 0:00:18]} 32. Re1 {[%emt 0:00:26]} Rb6 {[%emt 0:00:24]} 33. Rb5 {[%emt 0:00:15]} Rxb5 {[%emt 0:00:11]} 34. axb5 {[%emt 0:00:01]} Bc6 {[%emt 0:00:04]} 35. Rxe8+ {[%emt 0:00:05]} Bxe8 {[%emt 0:00:03]} 36. b6 {[%emt 0:00:02]} Bc6 {[%emt 0:00:03]} 37. Bc7 {[%emt 0:00:40]} Ng5 {[%emt 0:00:12]} 38. Bc8 {[%emt 0:00:03]} 1-0

[Event "European Online Club-ch-C 2021"]
[Site "Online"]
[Date "2021.03.27"]
[Round "6.14"]
[White "Grigorian, Spartak"]
[Black "Heimann, Andreas"]
[Result "0-1"]
[WhiteElo "2458"]
[BlackElo "2606"]
[Annotator "ChessBase"]
[PlyCount "66"]
[EventDate "2021.03.27"]
[EventType "team-tourn"]
[EventCountry "NET"]
[SourceTitle "playchess.com"]
[Source "ChessBase"]
[SourceQuality "1"]
[TimeControl "900+5"]

1. d4 {[%emt 0:00:00]} Nf6 {[%emt 0:00:03]} 2. c4 {[%emt 0:00:02]} g6 {[%emt 0:00:05]} 3. Nc3 {[%emt 0:00:03]} d5 {[%emt 0:00:03]} 4. Nf3 {[%emt 0:00:09]} Bg7 {[%emt 0:00:02]} 5. cxd5 {[%emt 0:00:43]} Nxd5 {[%emt 0:00:05]} 6. e4 {[%emt 0:00:01]} Nxc3 {[%emt 0:00:02]} 7. bxc3 {[%emt 0:00:00]} c5 {[%emt 0:00:01]} 8. Rb1 {[%emt 0:00:01]} O-O {[%emt 0:00:16]} 9. Be2 {[%emt 0:00:01]} cxd4 {[%emt 0:00:03]} 10. cxd4 {[%emt 0:00:02]} Qa5+ {[%emt 0:00:01]} 11. Bd2 {[%emt 0:00:03]} Qxa2 {[%emt 0:00:01]} 12. O-O {[%emt 0:00:01]} Bg4 {[%emt 0:00:03]} 13. Bg5 {[%emt 0:00:53]} Nc6 {[%emt 0:00:07]} 14. d5 {[%emt 0:00:46]} Rfd8 {[%emt 0:01:09]} 15. Rxb7 {[%emt 0:00:33]} h6 {[%emt 0:00:42]} 16. Bxe7 {[%emt 0:01:50]} Nxe7 {[%emt 0:00:03]} 17. Rxe7 {[%emt 0:00:00]} a5 {[%emt 0:00:01]} 18. h3 {[%emt 0:00:37]} Bxf3 {[%emt 0:03:32]} 19. Bxf3 {[%emt 0:00:23]} Qa3 {[%emt 0:00:39]} 20. Rb7 {[%emt 0:00:24]} a4 {[%emt 0:00:02]} 21. Qb1 {[%emt 0:04:32]} Qd6 {[%emt 0:01:25]} 22. Qa2 {[%emt 0:03:18]} a3 {[%emt 0:00:06]} 23. Rb3 {[%emt 0:01:21]} Rdb8 {[%emt 0:00:18]} 24. Rfb1 {[%emt 0:00:10]} Bb2 {[%emt 0:00:06]} 25. Bd1 {[%emt 0:00:37]} Qf4 {[%emt 0:01:14]} 26. Re3 {[%emt 0:00:02]} Bd4 {[%emt 0:02:07]} 27. Re2 {[%emt 0:00:17]} Rxb1 {[%emt 0:00:32]} 28. Qxb1 {[%emt 0:00:00]} Rc8 {[%emt 0:00:08]} 29. Qd3 {[%emt 0:00:14]} Bb2 {[%emt 0:00:15]} 30. g3 {[%emt 0:00:06]} Qc1 {[%emt 0:00:16]} 31. e5 {[%emt 0:00:07]} Rc3 {[%emt 0:00:25]} 32. Qa6 {[%emt 0:00:12]} Qxd1+ {[%emt 0:00:03]} 33. Kg2 {[%emt 0:00:01]} Qxd5+ {[%emt 0:00:02]} 0-1